| 000 | 00456nam a2200157 4500 | ||
|---|---|---|---|
| 001 | 119744 | ||
| 003 | ES-MaACL | ||
| 005 | 20230906191405.0 | ||
| 007 | t| | ||
| 008 | 070214s1930 sp r ||||1| spa d | ||
| 100 | 1 |
_aPinedo, Ramiro de. _992110 |
|
| 245 | 1 | 3 |
_aEl simbolismo en la escultura medieval espaƱola / _cRamiro de Pineda. |
| 260 |
_aMadrid : _bEspasa-Calpe, _c1930. |
||
| 300 |
_a204 p. : _bil. ; _c26 cm. |
||
| 852 |
_aES-MaACL _jA-711 _bR.10687 |
||
| 999 |
_c119744 _d119744 |
||